000
00268nam a2200121Ia 4500
008
220204s9999 xx 000 0 und d
082
_a
032
_b
DRU
100
_a
Peter F
245
0
_a
New realities
260
_b
Heinemann
_c
1989
490
_a
New realities
942
_c
BK
999
_c
40264
_d
40264